|
|
|
|
| LEADER |
00779nab a2200229 i 4500 |
| 001 |
publ27155 |
| 005 |
20230511081609.0 |
| 008 |
230511s2021 hu o 0|| Angol d |
| 022 |
|
|
|a 2573-9565
|
| 024 |
7 |
|
|a 32617921
|2 mtmt
|
| 040 |
|
|
|a SZTE Publicatio Repozitórium
|b hun
|
| 041 |
|
|
|a Angol
|
| 100 |
1 |
|
|a Kovács Beáta Zs.
|
| 245 |
1 |
0 |
|a Deuterium-depleted water delayed hormone therapy of prostate cancer
|h [elektronikus dokumentum] /
|c Kovács Beáta Zs.
|
| 260 |
|
|
|c 2021
|
| 300 |
|
|
|a 747-749
|
| 490 |
0 |
|
|a JOURNAL OF CLINICAL REVIEW & CASE REPORTS
|v 6 No. 10
|
| 650 |
|
4 |
|a Klinikai orvostan
|
| 700 |
0 |
1 |
|a Somlyai Ildikó
|e aut
|
| 700 |
0 |
1 |
|a Papp András
|e aut
|
| 700 |
0 |
1 |
|a Somlyai Gábor
|e aut
|
| 856 |
4 |
0 |
|u http://publicatio.bibl.u-szeged.hu/27155/1/32617921.pdf
|z Dokumentum-elérés
|